[Event "2021 FIDE Online Olympiad"]
[Site "Chess.com"]
[Date "2021.08.27"]
[Round "3.2"]
[White "Leon, Orlando"]
[Black "Schwarz, Bernhard"]
[Result "0-1"]
[WhiteElo "2217"]
[BlackElo "1588"]
[PlyCount "80"]
[EventDate "2021.08.27"]
[EventType "team"]
[EventRounds "9"]
[SourceVersionDate "2018.05.14"]
[WhiteTeam "Panama"]
[BlackTeam "Namibia"]
[WhiteTeamCountry "PAN"]
[BlackTeamCountry "NAM"]

1. d4 e6 2. Bf4 d5 3. e3 Bd6 4. Bg3 Nf6 5. Nd2 b6 6. c3 O-O 7. Ngf3 Bb7 8. Bd3
c5 9. Qe2 Nc6 10. Ne5 cxd4 11. exd4 Ne7 12. Qf3 a5 13. Qe2 Nf5 14. O-O Be7 15.
Rae1 Nd6 16. f3 Nh5 17. a3 Bh4 18. Qf2 Bxg3 19. hxg3 Ba6 20. Bxa6 Rxa6 21. g4
Nf4 22. Qe3 Ng6 23. Nxg6 hxg6 24. g3 b5 25. Rf2 b4 26. axb4 axb4 27. Rh2 bxc3
28. bxc3 Qc7 29. Qg5 Qd8 30. Qe5 Qf6 31. Qe2 Rfa8 32. Kg2 Ra2 33. Reh1 Kf8 34.
Rh8+ Ke7 35. Rxa8 Rxa8 36. Nb3 Nc4 37. Nc5 Ra3 38. Rb1 Rxc3 39. Rb7+ Kd6 40.
Nb3 Rc2 0-1

[Event "2021 FIDE Online Olympiad"]
[Site "Chess.com"]
[Date "2021.08.27"]
[Round "3.3"]
[White "Mentile, Lishen"]
[Black "Barria Baker, Raisa Melissa"]
[Result "0-1"]
[WhiteElo "1477"]
[BlackElo "1998"]
[PlyCount "64"]
[EventDate "2021.08.27"]
[EventType "team"]
[EventRounds "9"]
[SourceVersionDate "2018.05.14"]
[WhiteTeam "Namibia"]
[BlackTeam "Panama"]
[WhiteTeamCountry "NAM"]
[BlackTeamCountry "PAN"]

1. e4 c5 2. Nf3 Nc6 3. d4 cxd4 4. Nxd4 d6 5. Nc3 Nf6 6. Bc4 g6 7. Be3 Bg7 8.
Rb1 Bd7 9. h3 Rc8 10. Bb3 O-O 11. O-O Na5 12. Re1 Nxb3 13. cxb3 a6 14. Qd2 Re8
15. Bh6 Qa5 16. Bxg7 Kxg7 17. Qe3 Rc7 18. Rec1 Rec8 19. a4 Qb4 20. e5 dxe5 21.
Qxe5 Rc5 22. Qxe7 Qxd4 23. Rd1 Qe5 24. Qxe5 Rxe5 25. f4 Rec5 26. g4 Be6 27. g5
Nh5 28. Ne4 Rc2 29. Nd6 Bxh3 30. Nxc8 Rg2+ 31. Kf1 Ng3+ 32. Ke1 Re2# 0-1

[Event "2021 FIDE Online Olympiad"]
[Site "Chess.com"]
[Date "2021.08.27"]
[Round "3.4"]
[White "Munoz, Alba"]
[Black "Horn, Lure"]
[Result "0-1"]
[WhiteElo "1717"]
[BlackElo "1066"]
[PlyCount "80"]
[EventDate "2021.08.27"]
[EventType "team"]
[EventRounds "9"]
[SourceVersionDate "2018.05.14"]
[WhiteTeam "Panama"]
[BlackTeam "Namibia"]
[WhiteTeamCountry "PAN"]
[BlackTeamCountry "NAM"]

1. e4 c5 2. c3 g6 3. d4 Bg7 4. Nf3 cxd4 5. cxd4 d6 6. Nc3 Nc6 7. h3 Qb6 8. Nd5
Qd8 9. Bb5 e6 10. Nc3 Bd7 11. O-O a6 12. Ba4 b5 13. Bb3 a5 14. a4 b4 15. Ne2
Nge7 16. Be3 O-O 17. Qd2 d5 18. exd5 exd5 19. Bh6 Nf5 20. Bxg7 Nxg7 21. Bxd5
Rc8 22. Be4 Re8 23. Ng3 Ne7 24. Rac1 Nef5 25. Nxf5 Nxf5 26. Bxf5 Bxf5 27. Qh6
f6 28. Qh4 Bd3 29. Rxc8 Qxc8 30. Rd1 Be2 31. Rd2 Bxf3 32. gxf3 Qc1+ 33. Kg2
Qxd2 34. Qxf6 Rf8 35. Qe6+ Rf7 36. Qe8+ Kg7 37. Qe5+ Kh6 38. b3 Qg5+ 39. Qg3
Qxg3+ 40. fxg3 Rd7 0-1

[Event "2021 FIDE Online Olympiad"]
[Site "Chess.com"]
[Date "2021.08.27"]
[Round "3.5"]
[White "Gaoseb, Manfredo"]
[Black "Mendez, Andre"]
[Result "0-1"]
[WhiteElo "1647"]
[BlackElo "1574"]
[PlyCount "58"]
[EventDate "2021.08.27"]
[EventType "team"]
[EventRounds "9"]
[SourceVersionDate "2018.05.14"]
[WhiteTeam "Namibia"]
[BlackTeam "Panama"]
[WhiteTeamCountry "NAM"]
[BlackTeamCountry "PAN"]

1. e4 e5 2. Nf3 Nc6 3. d4 exd4 4. Nxd4 Bc5 5. Nxc6 Qf6 6. Qd2 dxc6 7. Bd3 Be6
8. Nc3 Rd8 9. Qf4 Bd4 10. Bd2 Bxc3 11. bxc3 Qxf4 12. Bxf4 Rd7 13. a4 Ne7 14. c4
Ng6 15. Be3 Ne5 16. O-O Nxd3 17. cxd3 Rxd3 18. Bxa7 Bxc4 19. Rfb1 Ba6 20. Bc5
f6 21. a5 Kf7 22. h3 Rhd8 23. Rb4 Rd1+ 24. Rxd1 Rxd1+ 25. Kh2 Ra1 26. Rd4 Ke6
27. Bb4 Ra4 28. Bc3 Ra2 29. Kg3 Ra3 0-1

[Event "2021 FIDE Online Olympiad"]
[Site "Chess.com"]
[Date "2021.08.27"]
[Round "3.6"]
[White "Delgado Rosas, Fatima Alexandra"]
[Black "Van Wyk, Keisha C"]
[Result "1-0"]
[WhiteElo "1369"]
[BlackElo "1207"]
[PlyCount "49"]
[EventDate "2021.08.27"]
[EventType "team"]
[EventRounds "9"]
[SourceVersionDate "2018.05.14"]
[WhiteTeam "Panama"]
[BlackTeam "Namibia"]
[WhiteTeamCountry "PAN"]
[BlackTeamCountry "NAM"]

1. d4 Nf6 2. Bf4 g6 3. Nf3 Bg7 4. Nc3 O-O 5. e4 d6 6. Qd2 Nbd7 7. Bh6 Re8 8. h4
a6 9. h5 Nxh5 10. Rxh5 Bxh6 11. Rxh6 Nf6 12. Rh1 c6 13. Qh6 e5 14. d5 Bg4 15.
Ng5 Bh5 16. Be2 Bxe2 17. Kxe2 Qd7 18. f3 cxd5 19. Nxh7 Nxh7 20. Qxh7+ Kf8 21.
Nxd5 Qb5+ 22. Kd1 f5 23. Qh8+ Kf7 24. Qf6+ Kg8 25. Rh8# 1-0

[Event "2021 FIDE Online Olympiad"]
[Site "Chess.com"]
[Date "2021.08.27"]
[Round "3.1"]
[White "Martinez Reyes, Pedro Ramon"]
[Black "Arias, Lemnys A."]
[Result "1-0"]
[WhiteElo "2319"]
[BlackElo "2303"]
[PlyCount "107"]
[EventDate "2021.08.27"]
[EventType "team"]
[EventRounds "9"]
[SourceVersionDate "2018.05.14"]
[WhiteTeam "Venezuela"]
[BlackTeam "El Salvador"]
[WhiteTeamCountry "VEN"]
[BlackTeamCountry "ESA"]

1. e4 c5 2. Nf3 d6 3. d4 cxd4 4. Nxd4 Nf6 5. Nc3 a6 6. Bg5 Nbd7 7. Qe2 h6 8.
Bh4 g6 9. O-O-O e5 10. Nf3 Qc7 11. Qc4 Qxc4 12. Bxc4 b5 13. Bd5 Nxd5 14. Nxd5
Ra7 15. Nf6+ Nxf6 16. Bxf6 Rg8 17. Nxe5 g5 18. Nc6 Rc7 19. Nb4 Rc4 20. Nd5 Rxe4
21. Bxg5 Rxg5 22. Nf6+ Ke7 23. Nxe4 Rxg2 24. Rdg1 Rxg1+ 25. Rxg1 f5 26. Nc3 Be6
27. Ne2 Kf7 28. Nd4 Bd7 29. Kd2 Bg7 30. c3 Be5 31. Ke3 Bxh2 32. Rh1 Be5 33.
Rxh6 Kg7 34. Rh1 Kg6 35. Rg1+ Kf7 36. Rg5 Bf6 37. Rxf5 Bxf5 38. Nxf5 Ke6 39.
Nd4+ Kd5 40. Kd3 Be5 41. Nc2 a5 42. Ne3+ Kc5 43. Ke4 b4 44. cxb4+ Kxb4 45. Nd1
Kc4 46. f4 Bh8 47. Ne3+ Kb4 48. Nd5+ Kc5 49. b3 Kc6 50. f5 Bb2 51. f6 Ba1 52.
f7 Bg7 53. Nf4 Kc5 54. Ne6+ 1-0

[Event "2021 FIDE Online Olympiad"]
[Site "Chess.com"]
[Date "2021.08.27"]
[Round "3.2"]
[White "Guevara Sanchez, Erick Marvin"]
[Black "Vivas Zamora, Fabian Ernesto"]
[Result "0-1"]
[WhiteElo "2173"]
[BlackElo "2091"]
[PlyCount "86"]
[EventDate "2021.08.27"]
[EventType "team"]
[EventRounds "9"]
[SourceVersionDate "2018.05.14"]
[WhiteTeam "El Salvador"]
[BlackTeam "Venezuela"]
[WhiteTeamCountry "ESA"]
[BlackTeamCountry "VEN"]

1. f4 e5 2. fxe5 d6 3. Nf3 g5 4. e4 g4 5. Nd4 dxe5 6. Nb3 a5 7. a4 Be6 8. c3
Nf6 9. d3 Nxe4 10. Be3 Nf6 11. Bg5 Rg8 12. Bh4 Be7 13. Bxf6 Bxf6 14. Nc5 Bd5
15. Nd2 Bh4+ 16. Ke2 Qe7 17. b4 b6 18. Nce4 f5 19. Ng3 Rf8 20. c4 Bb7 21. b5 e4
22. dxe4 f4 23. Nh5 Qe5 24. g3 Bxe4 25. Nxe4 Qxe4+ 26. Kd2 Qxh1 27. Qxg4 Qxh2+
28. Kc3 Nd7 29. Rd1 O-O-O 30. gxh4 Qa2 31. Bh3 Qa3+ 32. Kc2 Qxa4+ 33. Kb1 Qb3+
34. Ka1 Qc3+ 35. Kb1 Qb4+ 36. Ka1 Qxc4 37. Qf3 Qa4+ 38. Kb1 Qxb5+ 39. Ka1 Qa4+
40. Kb1 Kb8 41. Bg2 c6 42. Rc1 Ne5 43. Qf1 Rd2 0-1

[Event "2021 FIDE Online Olympiad"]
[Site "Chess.com"]
[Date "2021.08.27"]
[Round "3.3"]
[White "Varela La Madrid, Tilsia Carolina"]
[Black "Zavala Galindo, Alejandra Beatri"]
[Result "1/2-1/2"]
[WhiteElo "2033"]
[BlackElo "1893"]
[PlyCount "102"]
[EventDate "2021.08.27"]
[EventType "team"]
[EventRounds "9"]
[SourceVersionDate "2018.05.14"]
[WhiteTeam "Venezuela"]
[BlackTeam "El Salvador"]
[WhiteTeamCountry "VEN"]
[BlackTeamCountry "ESA"]

1. e4 c5 2. Nf3 d6 3. c3 Nf6 4. Be2 Nc6 5. d4 cxd4 6. cxd4 d5 7. e5 Ne4 8. O-O
g6 9. Nc3 Nxc3 10. bxc3 Bg7 11. Rb1 O-O 12. Ba3 Re8 13. c4 b6 14. Qa4 Bb7 15.
cxd5 Qxd5 16. Bc4 Qd8 17. Bb5 Rc8 18. Rbc1 Qd5 19. Bc4 Qd8 20. Rfd1 e6 21. Bd6
Bf8 22. Bxf8 Kxf8 23. d5 exd5 24. Bxd5 Nxe5 25. Bxb7 Rxc1 26. Rxc1 Nxf3+ 27.
Bxf3 Qd2 28. Qa3+ Kg8 29. h3 a5 30. Rd1 Re1+ 31. Rxe1 Qxe1+ 32. Kh2 Qxf2 33.
Qe7 Qd4 34. Qe8+ Kg7 35. a4 Qf4+ 36. Kg1 Qc1+ 37. Kf2 Qd2+ 38. Kf1 Qc1+ 39. Ke2
Qc2+ 40. Ke1 Qc1+ 41. Bd1 Qc3+ 42. Kf1 Qd3+ 43. Qe2 Qf5+ 44. Qf3 Qc5 45. Bb3
Qc1+ 46. Ke2 Qb2+ 47. Kd1 Qb1+ 48. Ke2 Qb2+ 49. Kf1 Qc1+ 50. Kf2 Qd2+ 51. Kf1
Qc1+ 1/2-1/2

[Event "2021 FIDE Online Olympiad"]
[Site "Chess.com"]
[Date "2021.08.27"]
[Round "3.4"]
[White "Garcia, Angie"]
[Black "Patino Garcia, Corals"]
[Result "0-1"]
[WhiteElo "1802"]
[BlackElo "1799"]
[PlyCount "60"]
[EventDate "2021.08.27"]
[EventType "team"]
[EventRounds "9"]
[SourceVersionDate "2018.05.14"]
[WhiteTeam "El Salvador"]
[BlackTeam "Venezuela"]
[WhiteTeamCountry "ESA"]
[BlackTeamCountry "VEN"]

1. e4 e5 2. d4 exd4 3. Nf3 Nc6 4. Nxd4 Nf6 5. Nxc6 bxc6 6. e5 Nd5 7. c4 Nb6 8.
Nc3 Bb4 9. Bd2 O-O 10. Be2 Re8 11. f4 f6 12. O-O fxe5 13. fxe5 Rxe5 14. Bd3 d6
15. Qf3 Be6 16. Bf4 Nxc4 17. Bxe5 Nxe5 18. Qe4 Bc5+ 19. Kh1 g6 20. Bc2 Kg7 21.
Qf4 Rb8 22. b3 Rb4 23. Qg3 Rg4 24. Qe1 Bd4 25. Rd1 c5 26. Be4 Bxc3 27. Qe2 Bd4
28. b4 Rh4 29. Bf3 Rxh2+ 30. Kxh2 Qh4# 0-1

[Event "2021 FIDE Online Olympiad"]
[Site "Chess.com"]
[Date "2021.08.27"]
[Round "3.5"]
[White "Escalona Landi, Samid Eduardo"]
[Black "Perez Salazar, Armando"]
[Result "1-0"]
[WhiteElo "2177"]
[BlackElo "1932"]
[PlyCount "95"]
[EventDate "2021.08.27"]
[EventType "team"]
[EventRounds "9"]
[SourceVersionDate "2018.05.14"]
[WhiteTeam "Venezuela"]
[BlackTeam "El Salvador"]
[WhiteTeamCountry "VEN"]
[BlackTeamCountry "ESA"]

1. e4 c5 2. Nf3 Nc6 3. g3 g6 4. Bg2 Bg7 5. O-O d6 6. Re1 e6 7. c3 Nge7 8. d4
O-O 9. dxc5 dxc5 10. Qe2 Qc7 11. Nbd2 b6 12. e5 Bb7 13. Nf1 Rad8 14. Bf4 Nd5
15. Bg5 Rd7 16. h4 h6 17. Bd2 Rfd8 18. N1h2 Nce7 19. Rad1 Qc8 20. Ng4 Nf5 21.
c4 Ba6 22. b3 h5 23. Ngh2 Nde7 24. Bg5 Bb7 25. g4 hxg4 26. Nxg4 Bxf3 27. Qxf3
Nd4 28. Qe4 Nef5 29. Nf6+ Bxf6 30. Bxf6 b5 31. h5 bxc4 32. bxc4 Qa6 33. Qg4
Qxc4 34. Rc1 Qb4 35. hxg6 fxg6 36. Bxd8 Rxd8 37. Qxg6+ Kf8 38. Rb1 Qa5 39. Re4
Qc7 40. Qf6+ Ke8 41. Rg4 Qe7 42. Rg8+ Kd7 43. Rb7+ Kc8 44. Rxe7 Rxg8 45. Rxa7
Nf3+ 46. Kf1 Nd2+ 47. Ke2 Rxg2 48. Qf8# 1-0

[Event "2021 FIDE Online Olympiad"]
[Site "Chess.com"]
[Date "2021.08.27"]
[Round "3.6"]
[White "Barahona, Dalila Yamileth"]
[Black "Matute Escobar, Roxanny"]
[Result "0-1"]
[WhiteElo "1802"]
[BlackElo "1728"]
[PlyCount "126"]
[EventDate "2021.08.27"]
[EventType "team"]
[EventRounds "9"]
[SourceVersionDate "2018.05.14"]
[WhiteTeam "El Salvador"]
[BlackTeam "Venezuela"]
[WhiteTeamCountry "ESA"]
[BlackTeamCountry "VEN"]

1. c4 Nf6 2. g3 g6 3. Bg2 Bg7 4. Nc3 O-O 5. e3 c6 6. d4 d6 7. Nge2 e5 8. O-O
Nbd7 9. b3 Nh5 10. Bb2 f5 11. f4 exf4 12. Nxf4 Nxf4 13. exf4 Nf6 14. d5 Ng4 15.
Qf3 cxd5 16. Qxd5+ Kh8 17. Na4 Bxb2 18. Nxb2 Qf6 19. Qd2 Rb8 20. h3 Nh6 21.
Rad1 Nf7 22. Qd4 Qxd4+ 23. Rxd4 b6 24. Nd3 Bb7 25. Nb4 Bxg2 26. Kxg2 Rfe8 27.
Rf2 b5 28. Nc6 Rb7 29. cxb5 Rxb5 30. Nxa7 Rc5 31. a4 Re3 32. b4 Rcc3 33. b5
Rxg3+ 34. Kf1 Rb3 35. Nc8 Rgc3 36. Nxd6 Nxd6 37. Rxd6 Rb4 38. b6 Ra3 39. Re2
Kg7 40. Rd7+ Kh6 41. Ree7 Rxf4+ 42. Ke2 Rb4 43. Rxh7+ Kg5 44. b7 Raxa4 45. Rd8
Ra2+ 46. Kd3 Rab2 47. Rdd7 R2b3+ 48. Kc2 Rb6 49. Rdg7 R3b5 50. h4+ Kf4 51. Rh6
Rxb7 52. Rhxg6 Rb2+ 53. Kd3 Rxg7 54. Rxg7 Rh2 55. Rh7 Kg4 56. Rg7+ Kxh4 57.
Rh7+ Kg3 58. Rxh2 Kxh2 59. Ke3 Kg3 60. Ke2 f4 61. Kf1 Kf3 62. Kg1 Ke2 63. Kg2
f3+ 0-1

[Event "2021 FIDE Online Olympiad"]
[Site "Chess.com"]
[Date "2021.08.28"]
[Round "4.1"]
[White "Machin Rivera, Mark"]
[Black "Chavez, Ricardo Ernesto"]
[Result "1-0"]
[WhiteElo "2323"]
[BlackElo "2224"]
[PlyCount "117"]
[EventDate "2021.08.27"]
[EventType "team"]
[EventRounds "9"]
[SourceVersionDate "2018.05.14"]
[WhiteTeam "Puerto Rico"]
[BlackTeam "El Salvador"]
[WhiteTeamCountry "PUR"]
[BlackTeamCountry "ESA"]

1. c4 e5 2. g3 Nf6 3. Bg2 c6 4. d4 e4 5. d5 Bb4+ 6. Bd2 Qe7 7. Nc3 O-O 8. Nh3
Na6 9. O-O d6 10. a3 Bc5 11. Bg5 h6 12. Bxf6 Qxf6 13. Nxe4 Qxb2 14. Nxc5 dxc5
15. dxc6 bxc6 16. Nf4 Bf5 17. Bxc6 Rad8 18. Qa4 Nc7 19. e4 Bg4 20. Qxa7 Ne6 21.
Nxe6 fxe6 22. Qxc5 Rd2 23. Rab1 Qc2 24. Rbc1 Qa2 25. Ra1 Qc2 26. Rac1 Qa2 27.
e5 Qb2 28. Rb1 Qc2 29. Rbc1 Qb2 30. Qb4 Qa2 31. Ra1 Qc2 32. Rac1 Qa2 33. Qb6
Qxa3 34. Bg2 Qa2 35. h3 Bf3 36. Qxe6+ Kh8 37. Ra1 Qc2 38. Bxf3 Rxf3 39. Ra8+
Kh7 40. Qg8+ Kg6 41. Ra6+ Kh5 42. Qe8+ g6 43. g4+ Kh4 44. Qxg6 Qxg6 45. Rxg6
Kxh3 46. Rxh6+ Kxg4 47. e6 Re2 48. c5 Rc3 49. Kg2 Rxc5 50. Rfh1 Rcc2 51. R1h4+
Kg5 52. R4h5+ Kf4 53. Rh4+ Kg5 54. Kg3 Kf5 55. R4h5+ Ke4 56. e7 Kd4 57. Rd6+
Kc4 58. Rc6+ Kd3 59. Rd5+ 1-0

[Event "2021 FIDE Online Olympiad"]
[Site "Chess.com"]
[Date "2021.08.28"]
[Round "4.2"]
[White "Arias, Lemnys A."]
[Black "Rodriguez Santiago, Jaime"]
[Result "0-1"]
[WhiteElo "2303"]
[BlackElo "2037"]
[PlyCount "100"]
[EventDate "2021.08.27"]
[EventType "team"]
[EventRounds "9"]
[SourceVersionDate "2018.05.14"]
[WhiteTeam "El Salvador"]
[BlackTeam "Puerto Rico"]
[WhiteTeamCountry "ESA"]
[BlackTeamCountry "PUR"]

1. d4 g6 2. Nf3 d6 3. e4 Bg7 4. c3 Nd7 5. Bd3 e5 6. O-O Ngf6 7. Re1 O-O 8. Nbd2
Nh5 9. Nc4 b5 10. Na5 a6 11. a4 bxa4 12. Qxa4 Nb6 13. Qd1 Bg4 14. dxe5 dxe5 15.
h3 Bd7 16. Qe2 Qc8 17. Kh2 c5 18. Nc4 Qc7 19. Be3 Rfb8 20. Nfd2 Nf4 21. Bxf4
exf4 22. Kg1 Be6 23. Reb1 Nxc4 24. Bxc4 Bxc4 25. Nxc4 Rb5 26. Rd1 a5 27. Rd5 a4
28. Rad1 Rb7 29. Rd7 Qc6 30. Rd8+ Rxd8 31. Rxd8+ Bf8 32. Na5 Qb5 33. Qxb5 Rxb5
34. Nc4 a3 35. bxa3 Rb3 36. Rd3 Bg7 37. e5 Rb1+ 38. Kh2 Re1 39. Rd8+ Bf8 40. a4
Re4 41. Nb6 Kg7 42. a5 Re2 43. Nd7 Be7 44. Re8 Bh4 45. Kg1 Rxf2 46. e6 Ra2 47.
Kf1 fxe6 48. Nxc5 Rxa5 49. Nxe6+ Kf7 50. Nc7 Ra1+ 0-1

[Event "2021 FIDE Online Olympiad"]
[Site "Chess.com"]
[Date "2021.08.28"]
[Round "4.3"]
[White "Vazquez Maccarini, Danitza"]
[Black "Ortez, Andrea"]
[Result "0-1"]
[WhiteElo "2014"]
[BlackElo "1969"]
[PlyCount "157"]
[EventDate "2021.08.27"]
[EventType "team"]
[EventRounds "9"]
[SourceVersionDate "2018.05.14"]
[WhiteTeam "Puerto Rico"]
[BlackTeam "El Salvador"]
[WhiteTeamCountry "PUR"]
[BlackTeamCountry "ESA"]

1. e4 c5 2. Nf3 Nc6 3. c3 Nf6 4. Bd3 d5 5. exd5 Qxd5 6. Bc2 Bg4 7. h3 Bh5 8. d3
Bxf3 9. Qxf3 Qxf3 10. gxf3 O-O-O 11. Be3 e6 12. Nd2 Bd6 13. O-O-O Rd7 14. Rhg1
g6 15. Ne4 Nxe4 16. fxe4 Rhd8 17. f4 b6 18. Rdf1 f5 19. e5 Bf8 20. h4 Ne7 21.
h5 Nd5 22. Bd2 Rg7 23. Rg5 Be7 24. Rg2 Rdg8 25. Rfg1 Bf8 26. Rh1 gxh5 27. Rxg7
Rxg7 28. Rxh5 h6 29. Bb3 Nc7 30. Rh2 Rg3 31. Kc2 Kd7 32. a4 Ke7 33. d4 cxd4 34.
cxd4 Kf7 35. Bc4 Kg6 36. b4 Kf7 37. Kb2 Ke7 38. b5 Kd7 39. a5 bxa5 40. Bxa5 Rg4
41. Bxc7 Kxc7 42. Bxe6 Rxf4 43. d5 Re4 44. d6+ Kd8 45. Rc2 Bxd6 46. Rc8+ Ke7
47. exd6+ Kxe6 48. Rc6 Rb4+ 49. Kc3 Rxb5 50. d7+ Kxd7 51. Rxh6 a5 52. Ra6 f4
53. Kd3 f3 54. Ke3 Rf5 55. Kf2 Kc7 56. Re6 a4 57. Re4 Ra5 58. Kxf3 a3 59. Re1
Kc6 60. Ra1 Kc5 61. Ke3 Kc4 62. Kd2 Kb3 63. Rb1+ Ka2 64. Rb4 Rc5 65. Kd3 Rc1
66. Kd2 Rb1 67. Ra4 Kb3 68. Ra8 a2 69. Rb8+ Kc4 70. Rc8+ Kd5 71. Rd8+ Kc6 72.
Rc8+ Kd7 73. Ra8 a1=Q 74. Rxa1 Rxa1 75. Kc3 Ra4 76. Kb3 Rg4 77. Kc2 Rg3 78. Kd2
Kd6 79. Ke2 0-1

[Event "2021 FIDE Online Olympiad"]
[Site "Chess.com"]
[Date "2021.08.28"]
[Round "4.4"]
[White "Garcia, Angie"]
[Black "Morales Santos, Natasha"]
[Result "1-0"]
[WhiteElo "1802"]
[BlackElo "1720"]
[PlyCount "113"]
[EventDate "2021.08.27"]
[EventType "team"]
[EventRounds "9"]
[SourceVersionDate "2018.05.14"]
[WhiteTeam "El Salvador"]
[BlackTeam "Puerto Rico"]
[WhiteTeamCountry "ESA"]
[BlackTeamCountry "PUR"]

1. e4 e6 2. d4 d5 3. Nd2 Nf6 4. e5 Nfd7 5. Ngf3 c5 6. c3 Nc6 7. Bd3 cxd4 8.
cxd4 f6 9. exf6 Nxf6 10. O-O Bd6 11. Nb3 O-O 12. Bg5 Qe8 13. Bxf6 Rxf6 14. Ng5
g6 15. Qg4 Qe7 16. Qh4 Rf4 17. Qh6 Qg7 18. Qxg7+ Kxg7 19. g3 Rf6 20. f4 Bd7 21.
Nf3 a5 22. a3 b6 23. Rac1 Rc8 24. Bb5 Rff8 25. Rc3 Nb8 26. Rxc8 Rxc8 27. Bxd7
Nxd7 28. Rc1 Rxc1+ 29. Nxc1 h6 30. Nd3 Kf6 31. Kf2 g5 32. Nfe5 Bxe5 33. fxe5+
Kf5 34. Kf3 h5 35. b4 axb4 36. Nxb4 Nf8 37. Nc6 Ng6 38. a4 g4+ 39. Ke3 h4 40.
Na7 Ne7 41. gxh4 Kg6 42. Kf4 Kh5 43. Nb5 Kxh4 44. Nc3 Nf5 45. Ne2 Kh3 46. Kg5
Ne3 47. Nf4+ Kxh2 48. Nxe6 g3 49. Nf4 Nc2 50. Ne2 Nxd4 51. Nxd4 Kg2 52. Ne2 Kf3
53. Nxg3 Kxg3 54. e6 d4 55. e7 d3 56. e8=Q d2 57. Qd8 1-0

[Event "2021 FIDE Online Olympiad"]
[Site "Chess.com"]
[Date "2021.08.28"]
[Round "4.5"]
[White "Mejias Nunez, Rafael E."]
[Black "Perez Salazar, Armando"]
[Result "1/2-1/2"]
[WhiteElo "1657"]
[BlackElo "1932"]
[PlyCount "139"]
[EventDate "2021.08.27"]
[EventType "team"]
[EventRounds "9"]
[SourceVersionDate "2018.05.14"]
[WhiteTeam "Puerto Rico"]
[BlackTeam "El Salvador"]
[WhiteTeamCountry "PUR"]
[BlackTeamCountry "ESA"]

1. e4 c5 2. Nf3 Nc6 3. d4 cxd4 4. Nxd4 g6 5. c4 Bg7 6. Be3 Nf6 7. Nc3 Ng4 8.
Qxg4 Nxd4 9. Qd1 Ne6 10. Qd2 O-O 11. Be2 d6 12. O-O b6 13. f4 Bb7 14. Bf3 Rc8
15. f5 Nc5 16. Nd5 Nd7 17. Rac1 Ne5 18. Be2 Re8 19. Bh6 Bxd5 20. exd5 Qd7 21.
Bxg7 Kxg7 22. Qg5 a5 23. f6+ exf6 24. Qxf6+ Kg8 25. Rc3 Qe7 26. Qf4 f5 27. h4
Nd7 28. Bf3 Qe5 29. Qxe5 Nxe5 30. Rfc1 Kf7 31. Bd1 Rc5 32. Kf2 Rec8 33. Be2 Nd7
34. Bd1 Nf6 35. Bf3 h6 36. g3 Re8 37. Re1 Rcc8 38. Rxe8 Rxe8 39. Rb3 Nd7 40.
Re3 Re5 41. a3 Ke7 42. b4 axb4 43. axb4 Kd8 44. Ke2 Kc7 45. Kd3 g5 46. hxg5
hxg5 47. Bd1 Nf6 48. Bf3 b5 49. c5 f4 50. gxf4 gxf4 51. Rxe5 dxe5 52. Be4 Nh5
53. Bg6 Nf6 54. Be4 Nxe4 55. Kxe4 Kd7 56. d6 Kc6 57. Kxe5 f3 58. Ke6 f2 59. d7
f1=Q 60. d8=Q Qh3+ 61. Ke7 Qh7+ 62. Ke8 Qg8+ 63. Ke7 Qg7+ 64. Ke6 Qg4+ 65. Kf7
Qc4+ 66. Kg6 Qe4+ 67. Kg7 Qg4+ 68. Kf7 Qh5+ 69. Ke6 Qg4+ 70. Kf7 1/2-1/2

[Event "2021 FIDE Online Olympiad"]
[Site "Chess.com"]
[Date "2021.08.28"]
[Round "4.6"]
[White "Vasquez Vasquez, Marielos"]
[Black "Alvarado Perez, Coralys M."]
[Result "1-0"]
[WhiteElo "1498"]
[BlackElo "1529"]
[PlyCount "61"]
[EventDate "2021.08.27"]
[EventType "team"]
[EventRounds "9"]
[SourceVersionDate "2018.05.14"]
[WhiteTeam "El Salvador"]
[BlackTeam "Puerto Rico"]
[WhiteTeamCountry "ESA"]
[BlackTeamCountry "PUR"]

1. c4 Nf6 2. Nc3 e6 3. d4 d5 4. cxd5 exd5 5. Bg5 Be7 6. e3 O-O 7. Bd3 b6 8.
Nge2 Ba6 9. O-O Bxd3 10. Qxd3 Nbd7 11. Rac1 c5 12. dxc5 Nxc5 13. Qd1 Nce4 14.
Bxf6 Bxf6 15. Nd4 Rc8 16. Qd3 Re8 17. Rfd1 Qd7 18. Ndb5 Nxc3 19. Nxc3 Red8 20.
e4 d4 21. Nd5 Bg5 22. f4 Rxc1 23. Rxc1 Be7 24. Rc7 Qd6 25. Rxe7 Rc8 26. Rxa7 h6
27. b4 Rc1+ 28. Kf2 Rc8 29. Qxd4 Rc2+ 30. Kf3 Qg6 31. Ne7+ 1-0

[Event "2021 FIDE Online Olympiad"]
[Site "Chess.com"]
[Date "2021.08.28"]
[Round "4.1"]
[White "Sanchez Alvarez, Roberto Carlos"]
[Black "Martinez Reyes, Pedro Ramon"]
[Result "1/2-1/2"]
[WhiteElo "2418"]
[BlackElo "2319"]
[PlyCount "110"]
[EventDate "2021.08.27"]
[EventType "team"]
[EventRounds "9"]
[SourceVersionDate "2018.05.14"]
[WhiteTeam "Panama"]
[BlackTeam "Venezuela"]
[WhiteTeamCountry "PAN"]
[BlackTeamCountry "VEN"]

1. c4 e5 2. Nc3 Nf6 3. g3 d5 4. cxd5 Nxd5 5. Bg2 Nb6 6. e3 Nc6 7. Nge2 h5 8.
O-O h4 9. d4 exd4 10. Nxd4 Nxd4 11. exd4 Be7 12. Re1 O-O 13. Bf4 Bg5 14. Qd2
Bxf4 15. Qxf4 h3 16. Bf3 Be6 17. Bxb7 Rb8 18. Bf3 Nd5 19. Nxd5 Bxd5 20. b3 Bxf3
21. Qxf3 Qxd4 22. Qh5 Qd7 23. Rad1 Rbe8 24. Rf1 Qe6 25. Rd4 Qe5 26. Rh4 Qxh5
27. Rxh5 Re2 28. Rxh3 Rxa2 29. g4 Rb8 30. Rc3 a5 31. Rd1 Rb4 32. h3 Rf4 33. Rf1
Rb2 34. Kg2 Rb4 35. Ra1 R2xb3 36. Rxb3 Rxb3 37. Rxa5 Rc3 38. Ra8+ Kh7 39. h4
Kg6 40. f3 f5 41. Kg3 fxg4 42. Kxg4 Rc4+ 43. f4 Rc1 44. Ra6+ c6 45. h5+ Kh6 46.
Ra7 Rg1+ 47. Kh4 Rh1+ 48. Kg4 Rxh5 49. Rxg7 Kxg7 50. Kxh5 c5 51. Kg4 c4 52. Kf3
Kf6 53. Ke4 c3 54. Kd3 Kf5 55. Kxc3 Kxf4 1/2-1/2

[Event "2021 FIDE Online Olympiad"]
[Site "Chess.com"]
[Date "2021.08.28"]
[Round "4.2"]
[White "Vivas Zamora, Fabian Ernesto"]
[Black "Tapia, Alexei"]
[Result "1-0"]
[WhiteElo "2091"]
[BlackElo "1983"]
[PlyCount "101"]
[EventDate "2021.08.27"]
[EventType "team"]
[EventRounds "9"]
[SourceVersionDate "2018.05.14"]
[WhiteTeam "Venezuela"]
[BlackTeam "Panama"]
[WhiteTeamCountry "VEN"]
[BlackTeamCountry "PAN"]

1. c4 Nf6 2. Nc3 c5 3. Nf3 Nc6 4. d4 cxd4 5. Nxd4 g6 6. Nc2 Bg7 7. e4 O-O 8.
Be2 d6 9. O-O Be6 10. Be3 Rc8 11. Rc1 Qd7 12. Qd2 Rfe8 13. b3 Ng4 14. Bxg4 Bxg4
15. Bh6 Bh8 16. f4 f6 17. f5 gxf5 18. h3 Bh5 19. exf5 e6 20. Ne3 Ne5 21. Qf2
Bg7 22. fxe6 Rxe6 23. Nf5 Bxh6 24. Nxh6+ Kh8 25. Qh4 Bg6 26. Nd5 Rf8 27. Rce1
Kg7 28. Re3 Qd8 29. Rg3 Kh8 30. Nf4 Re7 31. Nxg6+ Nxg6 32. Rxg6 Qb6+ 33. Kh2
hxg6 34. Nf7+ Kg8 35. Qh8+ Kxf7 36. Rxf6+ Ke8 37. Qxf8+ Kd7 38. Rxg6 Qe3 39.
Qf5+ Kc7 40. Qf6 Rd7 41. h4 Qd2 42. Rg7 Qxa2 43. Rxd7+ Kxd7 44. Qf7+ Kc6 45.
Qe8+ Kc7 46. Qf7+ Kc6 47. Qf3+ Kc7 48. h5 Qd2 49. Qf7+ Kb6 50. Qf6 Kc6 51. h6
1-0